Human Resource development (Record no. 350380)

000 -LEADER
fixed length control field 00536nam a22001937a 4500
003 - CONTROL NUMBER IDENTIFIER
control field OSt
005 - DATE AND TIME OF LATEST TRANSACTION
control field 20180116183016.0
008 - FIXED-LENGTH DATA ELEMENTS--GENERAL INFORMATION
fixed length control field 150921b xxu||||| |||| 00| 0 eng d
020 ## - INTERNATIONAL STANDARD BOOK NUMBER
International Standard Book Number 9788126908790
040 ## - CATALOGING SOURCE
Transcribing agency 0
082 ## - DEWEY DECIMAL CLASSIFICATION NUMBER
Classification number 658.4092 SIN 2013
100 ## - MAIN ENTRY--PERSONAL NAME
Personal name Sanjeev Kumar Singh
245 ## - TITLE STATEMENT
Title Human Resource development
Remainder of title HRD-IR Interface Approach
Statement of responsibility, etc. Sanjeev Kumar Singh
260 ## - PUBLICATION, DISTRIBUTION, ETC.
Place of publication, distribution, etc. New Dilhi
Name of publisher, distributor, etc. Atlantic
Date of publication, distribution, etc. 2013
300 ## - PHYSICAL DESCRIPTION
Extent 233 P.
Other physical details HB
440 ## - SERIES STATEMENT/ADDED ENTRY--TITLE
Title Human Resource development
600 ## - SUBJECT ADDED ENTRY--PERSONAL NAME
Personal name Sanjeev Kumar Singh
942 ## - ADDED ENTRY ELEMENTS (KOHA)
Source of classification or shelving scheme
Koha item type Book
Holdings
Withdrawn status Lost status Source of classification or shelving scheme Damaged status Not for loan Collection code Permanent Location Current Location Shelving location Date acquired Total Checkouts Full call number Barcode Date last seen Price effective from Koha item type
            Central Library (CL) Central Library (CL) General Stacks 09/21/2015   658.4092 SIN 2013 NBS9489 09/21/2015 09/21/2015 Book
© 2023 Central Library, National University of Sciences and Technology. All Rights Reserved.